Riconosci la Squadra di calcio - Quiz n°226 - Statistics

Statistiche generali
  • Questo quiz è stato fatto 6 volte
  • Il punteggio medio è 7 su 9
Statistiche sulle risposte
Indizio Risposta % Corretto
Titoli nazionali 4 Titoli di Germania1 Bundesliga 2
100%
Colori sociali Bianco, verde
100%
Divisione nazionale 2023-2024 Prima
100%
Fondazione 1899
80%
Capienza Stadio 42 100 posti
80%
Trofei nazionali 6 Coppe di Germania
3 Supercoppe di Germania
1 Coppa di Lega tedesca
80%
Confederazione UEFA
80%
Trofei internazionali 1 Coppe delle Coppe 1 Coppa Intertoto UEFA
60%
Squadra Werder Brema
60%
Nessun quiz corrispondente trovato
Distribuzione punteggi
Percentuale di utenti per punteggio
Percentile per numero di risposta
I tuoi punteggi nel tempo
Non hai fatto questo quiz